[Event "Eschborn op"]
[Site "Eschborn"]
[Date "2017.10.14"]
[Round "2"]
[White "Gerhard, Dominik"]
[Black "Jayakumar, Nivesh"]
[Result "0-1"]
[WhiteElo "1478"]
[BlackElo "1618"]
[PlyCount "56"]
[EventDate "2017.10.13"]
[EventType "swiss"]
[EventRounds "5"]
[EventCountry "GER"]
[SourceTitle "EXT 2019"]
[Source "ChessBase"]
[SourceDate "2018.10.10"]
[SourceVersion "1"]
[SourceVersionDate "2018.10.10"]
[SourceQuality "1"]

1. e4 c5 2. Nc3 Nc6 3. f4 e6 4. Nf3 d5 5. exd5 exd5 6. d4 Nf6 7. Be2 Be7 8. 0-0 a6 9. Be3 b6 10. Ne5 Qc7 11. Bf3 Bb7 12. dxc5 Nxe5 13. fxe5 Qxe5 14. Bd4 Bxc5 15. Bxc5 bxc5 16. Re1 Ne4 17. Bxe4 dxe4 18. Qg4 0-0 19. Qd7 Rab8 20. Rad1 e3 21. Nd5 e2 22. Rd3 Rfd8 23. Ne7+ Kf8 24. Nc6 Bxc6 25. Qxc6 Rxd3 26. cxd3 Qe3+ 27. Kh1 Kg8 28. b3 Qf2 0-1

[Event "Hofheim Spring op-B 3rd"]
[Site "Hofheim"]
[Date "2015.04.11"]
[Round "8"]
[White "Jayakumar, Nivesh"]
[Black "Stock, Juergen"]
[Result "0-1"]
[WhiteElo "1666"]
[BlackElo "1941"]
[PlyCount "82"]
[EventDate "2015.04.07"]
[EventType "swiss"]
[EventRounds "9"]
[EventCountry "GER"]
[SourceTitle "CBM 166 Extra"]
[Source "ChessBase"]
[SourceDate "2015.06.18"]
[SourceVersion "1"]
[SourceVersionDate "2015.06.18"]
[SourceQuality "1"]

1. e4 e6 2. d4 d5 3. Nd2 Be7 4. Bd3 Nf6 5. e5 Nfd7 6. Ndf3 c5 7. c3 Nc6 8. Ne2 Qb6 9. 0-0 cxd4 10. cxd4 f6 11. exf6 Bxf6 12. Bb1 0-0 13. Nf4 Nxd4 14. Nxd4 Bxd4 15. Qc2 Nf6 16. Kh1 Bd7 17. a4 Rac8 18. Qe2 Rxc1 19. Rxc1 Bxb2 20. Bxh7+ Nxh7 21. Rab1 Rxf4 22. Rxb2 Rb4 23. Rbc2 Rb1 24. Qd1 Rxc1 25. Qxc1 Nf6 26. h3 e5 27. Qg5 e4 28. Rc3 Qd6 29. Rg3 Qe7 30. Rc3 Bc6 31. h4 d4 32. Rc4 e3 33. fxe3 dxe3 34. Rc1 e2 35. Re1 Bxa4 36. Qa5 Bd1 37. Qd2 Qe4 38. Qa2+ Kh7 39. Qd2 Qxh4+ 40. Kg1 Ng4 41. Qd3+ Kh8 0-1

[Event "Hofheim Spring op-B 3rd"]
[Site "Hofheim"]
[Date "2015.04.10"]
[Round "6"]
[White "Jayakumar, Nivesh"]
[Black "Fuell, Klaus Dieter"]
[Result "0-1"]
[WhiteElo "1666"]
[BlackElo "1877"]
[PlyCount "92"]
[EventDate "2015.04.07"]
[EventType "swiss"]
[EventRounds "9"]
[EventCountry "GER"]
[SourceTitle "CBM 166 Extra"]
[Source "ChessBase"]
[SourceDate "2015.06.18"]
[SourceVersion "1"]
[SourceVersionDate "2015.06.18"]
[SourceQuality "1"]

1. e4 d5 2. exd5 Nf6 3. d4 Nxd5 4. c4 Nb6 5. Nc3 e6 6. Nf3 Bb4 7. Qc2 Nc6 8. Be3 h6 9. Bd3 Be7 10. a3 Bf6 11. Be2 0-0 12. 0-0-0 Bd7 13. g4 Na5 14. b3 Qe7 15. Kb2 Bc6 16. h4 Bxf3 17. Bxf3 Naxc4+ 18. bxc4 Nxc4+ 19. Kc1 Qxa3+ 20. Kb1 Qe7 21. Qa2 Nxe3 22. fxe3 Bxh4 23. Rdg1 Bg5 24. Qe2 c5 25. Ne4 cxd4 26. Nxg5 Qxg5 27. exd4 g6 28. Rg2 Kg7 29. Rgh2 Rh8 30. Qb2 Rae8 31. Rf2 Re7 32. Ka1 e5 33. Re2 f6 34. Qa3 Rc7 35. Kb1 Rhc8 36. d5 Rc5 37. d6 f5 38. d7 R8c7 39. Rd1 Qd8 40. gxf5 Rb5+ 41. Ka1 Rxd7 42. Rxd7+ Qxd7 43. Rg2 g5 44. Bh5 Qd4+ 45. Ka2 Qc4+ 46. Ka1 Qf1+ 0-1

[Event "Hofheim Spring op-B 3rd"]
[Site "Hofheim"]
[Date "2015.04.09"]
[Round "4"]
[White "Jayakumar, Nivesh"]
[Black "Niedenthal, Robert"]
[Result "1/2-1/2"]
[WhiteElo "1666"]
[BlackElo "1819"]
[PlyCount "102"]
[EventDate "2015.04.07"]
[EventType "swiss"]
[EventRounds "9"]
[EventCountry "GER"]
[SourceTitle "CBM 166 Extra"]
[Source "ChessBase"]
[SourceDate "2015.06.18"]
[SourceVersion "1"]
[SourceVersionDate "2015.06.18"]
[SourceQuality "1"]

1. e4 d5 2. exd5 Nf6 3. d4 Bg4 4. Nf3 Qxd5 5. Nc3 Qh5 6. Be2 Nc6 7. Be3 0-0-0 8. Qd2 e5 9. 0-0-0 Bb4 10. h3 Bxf3 11. Bxf3 Qg6 12. Bxc6 bxc6 13. Qe2 Kb7 14. Qc4 Bxc3 15. Qb3+ Ka8 16. Qxc3 Nd5 17. Qa5 Nxe3 18. fxe3 exd4 19. Qxc7 Rc8 20. Qa5 Qh6 21. Kb1 Rhd8 22. exd4 Rd5 23. Qa6 Rb8 24. Rhe1 Rdb5 25. b3 R5b6 26. Qa3 R6b7 27. Rd3 Qf6 28. Qc5 Rb5 29. Qc3 Qd6 30. a4 Rd5 31. Rf3 f6 32. Rfe3 Rxd4 33. Re6 Qd5 34. Rxc6 Rd1+ 35. Rxd1 Qxd1+ 36. Kb2 Qd5 37. Qf3 Qxf3 38. gxf3 Rg8 39. Rc7 h6 40. Rf7 a6 41. b4 h5 42. Kb3 h4 43. b5 axb5 44. axb5 Rb8 45. c4 Rb7 46. Rxb7 Kxb7 47. c5 g5 48. Kc3 f5 49. Kd3 g4 50. fxg4 fxg4 51. Ke3 g3 1/2-1/2

[Event "Eschborn op 11th"]
[Site "Eschborn"]
[Date "2014.09.06"]
[Round "4"]
[White "Jayakumar, Nivesh"]
[Black "Griep, Christoph"]
[Result "1/2-1/2"]
[WhiteElo "1527"]
[BlackElo "1913"]
[PlyCount "97"]
[EventDate "2014.09.05"]
[EventType "swiss"]
[EventRounds "5"]
[EventCountry "GER"]
[SourceTitle "EXT 2015"]
[Source "ChessBase"]
[SourceDate "2014.11.20"]
[SourceVersion "1"]
[SourceVersionDate "2014.11.20"]
[SourceQuality "1"]

1. e4 c5 2. d4 cxd4 3. c3 dxc3 4. Nxc3 e6 5. Nf3 Bb4 6. Bd2 Ne7 7. Bc4 Nbc6 8. Qe2 0-0 9. a3 Bxc3 10. Bxc3 Qc7 11. 0-0 d5 12. Bd3 dxe4 13. Qxe4 f5 14. Qh4 Ng6 15. Qc4 Qf4 16. Qc5 Rd8 17. Bc4 Qd6 18. Qxf5 Nce7 19. Qe4 Qc6 20. Rfe1 Nd5 21. Rad1 Rd6 22. Ne5 Qc5 23. Nxg6 Nxc3 24. bxc3 hxg6 25. Qxg6 Bd7 26. Bd3 Rc8 27. Re3 Qxc3 28. Rf3 Rxd3 29. Rfxd3 Qc6 30. Rxd7 Qxd7 31. Rf1 e5 32. Qe4 Re8 33. Re1 Qc6 34. Qe3 b6 35. h3 Qc5 36. Qb3+ Kf8 37. Qf3+ Kg8 38. Qb3+ Kh8 39. Qf3 e4 40. Rxe4 Rxe4 41. Qxe4 Qxa3 42. Qe8+ Kh7 43. Qh5+ Kg8 44. Qd5+ Kf8 45. Qd8+ Kf7 46. Qd5+ Ke8 47. Qh5+ Kd7 48. Qf5+ Ke7 49. Qg5+ 1/2-1/2

[Event "Karl Mala Memorial op-A 17th"]
[Site "Frankfurt"]
[Date "2014.08.01"]
[Round "2"]
[White "Jayakumar, Nivesh"]
[Black "Esterluss, Johannes"]
[Result "0-1"]
[WhiteElo "1621"]
[BlackElo "2030"]
[PlyCount "72"]
[EventDate "2014.07.31"]
[EventType "swiss"]
[EventRounds "7"]
[EventCountry "GER"]
[SourceTitle "EXT 2015"]
[Source "ChessBase"]
[SourceDate "2014.11.20"]
[SourceVersion "1"]
[SourceVersionDate "2014.11.20"]
[SourceQuality "1"]

1. e4 d6 2. d4 Nf6 3. Nc3 c6 4. f4 Qa5 5. Bd2 Qb6 6. a4 Qxd4 7. Nf3 Qb6 8. a5 Qc7 9. Bc4 e6 10. Qe2 Be7 11. e5 Nd5 12. exd6 Qxd6 13. Ne4 Qc7 14. 0-0 0-0 15. Bb3 Nd7 16. c4 N5f6 17. Bc2 Nxe4 18. Bxe4 Nf6 19. Ng5 h6 20. Nf3 Nxe4 21. Qxe4 Bf6 22. Ne5 c5 23. Rf3 Rd8 24. Bc3 Bd7 25. Rg3 Kf8 26. Nxf7 Bxc3 27. bxc3 Bc6 28. Nxd8 Rxd8 29. Qxe6 Qf7 30. f5 Re8 31. Qd6+ Qe7 32. Qxe7+ Rxe7 33. Rf1 Kf7 34. Rd3 Re4 35. g3 Re2 36. Rb1 Rg2+ 0-1

[Event "Karl Mala Memorial op 15th"]
[Site "Frankfurt"]
[Date "2012.07.08"]
[Round "6"]
[White "Loos, Tobias"]
[Black "Jayakumar, Nivesh"]
[Result "1-0"]
[WhiteElo "1555"]
[BlackElo "1318"]
[PlyCount "83"]
[EventDate "2012.07.05"]
[EventType "swiss"]
[EventRounds "7"]
[EventCountry "GER"]
[SourceTitle "CBM 149 Extra"]
[Source "ChessBase"]
[SourceDate "2012.08.24"]
[SourceVersion "1"]
[SourceVersionDate "2012.08.24"]
[SourceQuality "1"]

1. c4 Nf6 2. g3 g6 3. Bg2 Bg7 4. Nc3 0-0 5. d4 c5 6. Nf3 e6 7. Bf4 d6 8. Nb5 cxd4 9. Bxd6 Re8 10. Qxd4 Nc6 11. Qf4 Nh5 12. Qd2 Nf6 13. Ng5 Bh6 14. h4 Bf8 15. Rd1 Bxd6 16. Nxd6 Re7 17. Ngxf7 Rxf7 18. Nxf7 Qxd2+ 19. Rxd2 Kxf7 20. 0-0 Bd7 21. Rfd1 Rd8 22. Bxc6 bxc6 23. g4 Ke7 24. f3 e5 25. b4 a6 26. a4 Ne8 27. b5 axb5 28. axb5 cxb5 29. c5 b4 30. c6 b3 31. cxd7 Nf6 32. Rb2 Nxd7 33. Rxb3 Ke8 34. Rbd3 Ke7 35. e3 e4 36. fxe4 Ke6 37. e5 Ke7 38. Rd6 Rb8 39. Rxd7+ Ke6 40. Rxh7 Kxe5 41. h5 gxh5 42. Rxh5+ 1-0